[Event "Talca Bobby Fischer"]
[Site "Talca"]
[Date "2019.06.10"]
[Round "9.2"]
[White "Urrutia Gonzalez, Carlos Eduardo"]
[Black "Romero Gonzalez, Juan Ignacio"]
[Result "0-1"]
[WhiteElo "1640"]
[BlackElo "1676"]
[PlyCount "106"]
[EventDate "2019.04.15"]
[EventType "tourn"]
[EventRounds "9"]
[EventCountry "CHI"]
[SourceTitle "EXT 2024"]
[Source "ChessBase"]
[SourceDate "2023.10.10"]
[SourceVersion "1"]
[SourceVersionDate "2023.10.10"]
[SourceQuality "1"]

1. d4 Nf6 2. g3 d5 3. Bg2 Bf5 4. Nf3 e6 5. 0-0 Bd6 6. b3 Qe7 7. Bb2 h6 8. Nbd2 0-0 9. c4 c6 10. Re1 Ne4 11. Rc1 Bb4 12. c5 Bg4 13. a3 Bxf3 14. axb4 Bxg2 15. Kxg2 Qg5 16. Nf3 Qf6 17. Qd3 Na6 18. Ba3 Nc7 19. Rf1 Nb5 20. Bb2 a5 21. bxa5 Rxa5 22. Ne5 Ra2 23. Ba1 Qf5 24. g4 Qf4 25. h3 Nxf2 26. Qf3 Qxf3+ 27. Nxf3 Nd3 28. Rcd1 Nf4+ 29. Kf2 Rxe2+ 30. Kg3 g5 31. Rd2 Rxd2 32. Nxd2 Nxd4 33. h4 Ra8 34. hxg5 hxg5 35. Rh1 Ra2 36. Bxd4 Ne2+ 37. Kf3 Nxd4+ 38. Ke3 e5 39. Kd3 Rb2 40. Kc3 Rc2+ 41. Kd3 Rxc5 42. Re1 f6 43. Ra1 Rb5 44. Kc3 Ne2+ 45. Kc2 Kf7 46. Rh1 Ke6 47. Re1 Nd4+ 48. Kc3 c5 49. Rh1 e4 50. Re1 Ke5 51. Re3 Nxb3 52. Nxb3 d4+ 53. Kc4 dxe3 0-1

[Event "Talca Bobby Fischer"]
[Site "Talca"]
[Date "2019.05.06"]
[Round "4.2"]
[White "Jara Ayala, Jose"]
[Black "Urrutia Gonzalez, Carlos Eduardo"]
[Result "0-1"]
[WhiteElo "1149"]
[BlackElo "1640"]
[PlyCount "122"]
[EventDate "2019.04.15"]
[EventType "tourn"]
[EventRounds "9"]
[EventCountry "CHI"]
[SourceTitle "EXT 2024"]
[Source "ChessBase"]
[SourceDate "2023.10.10"]
[SourceVersion "1"]
[SourceVersionDate "2023.10.10"]
[SourceQuality "1"]

1. d4 g6 2. Nf3 Bg7 3. c3 e6 4. e4 Ne7 5. Be2 0-0 6. 0-0 f5 7. e5 h6 8. Bd2 d5 9. Qc2 c5 10. Na3 Bd7 11. Qc1 Kh7 12. Rb1 Nbc6 13. b4 cxd4 14. cxd4 Rc8 15. Qb2 g5 16. b5 Na5 17. Bb4 Rf7 18. Rfc1 Ng6 19. Qd2 b6 20. g3 g4 21. Ne1 h5 22. Rxc8 Bxc8 23. Bd6 Bh6 24. Qc2 Bd7 25. Nd3 Nb7 26. Bb4 Be8 27. Bd2 Rc7 28. Qd1 Bf8 29. Nf4 Nxf4 30. Bxf4 Bxa3 31. Qd2 Qc8 32. Kg2 Rc2 33. Qd1 Qc3 34. Rb3 Na5 35. Rxc3 Rxc3 36. Bd2 Rc7 37. Bxa5 bxa5 38. Qb3 Bb4 39. a3 Rc3 40. Qd1 Rxa3 41. h3 Bg6 42. h4 Rc3 43. f4 Be8 44. Qb1 Kg7 45. Kf2 Kf7 46. Qa2 Ke7 47. Qb2 Kd7 48. Qa2 Kc7 49. Qa4 Kb6 50. Qa2 Bxb5 51. Bxb5 Kxb5 52. Qe2+ Rc4 53. Qd3 a4 54. Ke2 a3 55. Qb3 Rxd4 56. Ke3 Rc4 57. Ke2 a5 58. Qd3 a4 59. Qb1 Kc5 60. Qd3 a2 61. Qd1 Bc3 0-1

[Event "Talca Bobby Fischer CC"]
[Site "Talca"]
[Date "2018.??.??"]
[Round "8.3"]
[White "Gonzalez Hernandez, Rodrigo Alons"]
[Black "Urrutia Gonzalez, Carlos Eduardo"]
[Result "0-1"]
[WhiteElo "1252"]
[BlackElo "1619"]
[PlyCount "69"]
[EventDate "2018.11.26"]
[EventType "tourn"]
[EventRounds "9"]
[EventCountry "CHI"]
[SourceTitle "EXT 2024"]
[Source "ChessBase"]
[SourceDate "2023.10.10"]
[SourceVersion "1"]
[SourceVersionDate "2023.10.10"]
[SourceQuality "1"]

1. d4 d5 2. c3 Nf6 3. e3 c5 4. Nf3 Nc6 5. Bb5 Bg4 6. Bxc6+ bxc6 7. Nbd2 Qc7 8. Qa4 cxd4 9. Nxd4 Bd7 10. 0-0 c5 11. Nb5 Qc6 12. c4 a6 13. Nc3 Qxa4 14. Nxa4 Bxa4 15. b3 Bc6 16. Bb2 Rd8 17. Nf3 dxc4 18. bxc4 e6 19. Ne5 Ba8 20. f4 Be7 21. g4 0-0 22. g5 Ne4 23. Rad1 Rd2 24. Rxd2 Nxd2 25. Rd1 Rd8 26. Bc3 Nf3+ 27. Kf2 Rxd1 28. Nxf3 Rc1 29. Be5 Rc2+ 30. Kg3 Bxf3 31. Kxf3 Rxa2 32. h4 Rc2 33. Ke4 Rxc4+ 34. Kf3 f6 35. Bb2 0-1

[Event "Talca Bobby Fischer CC"]
[Site "Talca"]
[Date "2018.??.??"]
[Round "7.4"]
[White "Urrutia Gonzalez, Carlos Eduardo"]
[Black "Garcia Garcia, Francisco Javie"]
[Result "0-1"]
[WhiteElo "1619"]
[BlackElo "1184"]
[PlyCount "64"]
[EventDate "2018.11.26"]
[EventType "tourn"]
[EventRounds "9"]
[EventCountry "CHI"]
[SourceTitle "EXT 2024"]
[Source "ChessBase"]
[SourceDate "2023.10.10"]
[SourceVersion "1"]
[SourceVersionDate "2023.10.10"]
[SourceQuality "1"]

1. d4 d5 2. Nc3 e6 3. Qd3 b6 4. f3 Ba6 5. Qe3 c5 6. h4 cxd4 7. Qxd4 Nc6 8. Qa4 Bb7 9. Bd2 Nge7 10. 0-0-0 Nf5 11. e4 Ng3 12. Bb5 Rc8 13. exd5 exd5 14. Bg5 Be7 15. Rxd5 Bxg5+ 16. hxg5 Qe7 17. Rh3 Qe3+ 18. Rd2 Qxg1+ 19. Nd1 Qe1 20. Qg4 0-0 21. Rxg3 Rcd8 22. Bd3 Ne5 23. Rh3 Nxg4 24. Bxh7+ Kh8 25. Bd3+ Nh6 26. Re2 Qa5 27. gxh6 Qg5+ 28. Kb1 gxh6 29. g4 Ba6 30. Nf2 Bxd3 31. Nxd3 Rfe8 32. Reh2 Re1+ 0-1